[Event "Zhukovsky op-B"]
[Site "Zhukovsky"]
[Date "2010.01.??"]
[Round "4"]
[White "Podymov, Alexander"]
[Black "Anisimov, Aleksander"]
[Result "0-1"]
[WhiteElo "2300"]
[BlackElo "2293"]
[PlyCount "76"]
[EventDate "2010.01.??"]
[EventType "swiss"]
[EventRounds "7"]
[EventCountry "RUS"]
[SourceTitle "EXT 2012"]
[Source "ChessBase"]
[SourceDate "2011.11.24"]
[SourceVersion "1"]
[SourceVersionDate "2011.11.24"]
[SourceQuality "1"]

1. e4 d5 2. exd5 Qxd5 3. Nc3 Qa5 4. d4 c6 5. Bd3 Nf6 6. Nge2 Bg4 7. Bd2 Nbd7 8. 0-0 e5 9. dxe5 Nxe5 10. Ne4 Qc7 11. Nxf6+ gxf6 12. f4 Nxd3 13. cxd3 0-0-0 14. Bc3 Bc5+ 15. d4 Rhe8 16. Re1 Qe7 17. Qa4 Bxe2 18. dxc5 Qxc5+ 19. Kh1 Bb5 20. Qa5 Rxe1+ 21. Rxe1 Qf2 22. a4 Bf1 23. Qf5+ Kc7 24. Qg4 Rd3 25. Rc1 Be2 26. Qf5 Rf3 27. Qa5+ Kc8 28. Qf5+ Kb8 29. Be5+ fxe5 30. Qxe5+ Kc8 31. Rxc6+ bxc6 32. Qe8+ Kc7 33. Qe7+ Kb8 34. Qd8+ Kb7 35. Qd7+ Kb6 36. Qd8+ Ka6 37. Qc8+ Ka5 38. Qf5+ c5 0-1

[Event "Zhukovsky Elo-E"]
[Site "Zhukovsky"]
[Date "2008.01.20"]
[Round "9"]
[White "Ambrosimov, Fedor"]
[Black "Anisimov, Aleksander"]
[Result "0-1"]
[WhiteElo "1544"]
[BlackElo "2293"]
[PlyCount "116"]
[EventDate "2008.01.02"]
[EventType "tourn"]
[EventRounds "9"]
[EventCountry "RUS"]
[SourceTitle "EXT 2010"]
[Source "ChessBase"]
[SourceDate "2010.11.25"]
[SourceVersion "1"]
[SourceVersionDate "2010.11.25"]
[SourceQuality "1"]

1. e4 e5 2. Nf3 d6 3. Bc4 Nf6 4. Nc3 a6 5. Bb3 b5 6. d4 exd4 7. Ng5 Be6 8. Bxe6 fxe6 9. Nxe6 Qe7 10. Nxd4 Nxe4 11. Nd5 Qf7 12. Nf3 Nc6 13. 0-0 Kd7 14. Ng5 Nxg5 15. Bxg5 h6 16. Qg4+ Qe6 17. Qxe6+ Kxe6 18. Nxc7+ Kd7 19. Nxa8 hxg5 20. Nb6+ Kc7 21. Nd5+ Kd7 22. Rad1 Be7 23. Rfe1 Bf6 24. Nxf6+ gxf6 25. Rd2 Ne7 26. Red1 d5 27. b3 Ke6 28. Re1+ Kd6 29. Rde2 Rh7 30. Re6+ Kd7 31. Rxf6 b4 32. Rxa6 Nc6 33. Rb6 Kd6 34. Rxc6+ Kxc6 35. g3 Ra7 36. Re5 Rxa2 37. Rxg5 Rxc2 38. Rf5 Re2 39. h4 d4 40. Rf3 Kd5 41. h5 Re6 42. Rd3 Ke4 43. Rd1 Rd6 44. Kg2 d3 45. g4 d2 46. h6 Kd3 47. h7 Rd8 48. Kf1 Rh8 49. g5 Rxh7 50. Kg2 Ke2 51. Rg1 d1Q 52. Rxd1 Kxd1 53. f4 Kc2 54. g6 Rh6 55. f5 Rh5 56. f6 Rg5+ 57. Kh3 Rxg6 58. f7 Rf6 0-1

[Event "Zhukovsky Elo-E"]
[Site "Zhukovsky"]
[Date "2008.01.13"]
[Round "7"]
[White "Kochetkov, Sergey"]
[Black "Anisimov, Aleksander"]
[Result "1-0"]
[WhiteElo "1630"]
[BlackElo "2293"]
[PlyCount "63"]
[EventDate "2008.01.02"]
[EventType "tourn"]
[EventRounds "9"]
[EventCountry "RUS"]
[SourceTitle "EXT 2010"]
[Source "ChessBase"]
[SourceDate "2010.11.25"]
[SourceVersion "1"]
[SourceVersionDate "2010.11.25"]
[SourceQuality "1"]

1. c4 Nf6 2. d4 d5 3. e3 Bf5 4. Bd3 Bxd3 5. Qxd3 dxc4 6. Qxc4 Nbd7 7. Nc3 e6 8. a3 c5 9. dxc5 Bxc5 10. b4 Bd6 11. Nf3 0-0 12. Bb2 Ne5 13. Nxe5 Bxe5 14. Qe2 Rc8 15. Rc1 Bxc3+ 16. Rxc3 Rxc3 17. Bxc3 Ne4 18. Bb2 a5 19. Qc2 f5 20. 0-0 axb4 21. axb4 Qd7 22. Rd1 Rc8 23. Qb3 Qc6 24. f3 Nd6 25. Qxe6+ Nf7 26. Qxf5 Re8 27. Rd7 Qc4 28. Bd4 g5 29. h3 Qe6 30. Qxe6 Rxe6 31. Rxb7 Kf8 32. Rb8+ 1-0

[Event "Zhukovsky Elo-E"]
[Site "Zhukovsky"]
[Date "2008.01.06"]
[Round "5"]
[White "Anisimov, Aleksander"]
[Black "Vatolin, Aleksey"]
[Result "1-0"]
[WhiteElo "2293"]
[BlackElo "1514"]
[PlyCount "67"]
[EventDate "2008.01.02"]
[EventType "tourn"]
[EventRounds "9"]
[EventCountry "RUS"]
[SourceTitle "EXT 2010"]
[Source "ChessBase"]
[SourceDate "2010.11.25"]
[SourceVersion "1"]
[SourceVersionDate "2010.11.25"]
[SourceQuality "1"]

1. d4 d5 2. c4 Bf5 3. Bf4 Nf6 4. e3 e6 5. a3 Nbd7 6. Nd2 Bg6 7. Ngf3 Be7 8. Rc1 c6 9. b4 a5 10. c5 axb4 11. axb4 b6 12. Be2 0-0 13. 0-0 Nh5 14. Bg3 Nxg3 15. hxg3 f6 16. cxb6 Qxb6 17. Nb3 Bxb4 18. Bd3 Bxd3 19. Qxd3 Qc7 20. Rc2 e5 21. Nfd2 e4 22. Qe2 Nb8 23. Nc5 Bxc5 24. Rxc5 Na6 25. Rc3 Rfc8 26. Rb1 Qa5 27. Rbc1 Nb4 28. Rb3 Nd3 29. Rcb1 Rd8 30. Rb7 Qc3 31. Qg4 g6 32. Qe6+ Kh8 33. Qxf6+ Kg8 34. Qg7# 1-0

[Event "Nizhnij Novgorod Region-ch"]
[Site "Nizhnij Novgorod"]
[Date "2007.10.??"]
[Round "?"]
[White "Anisimov, Aleksander"]
[Black "Kuporosov, Viktor"]
[Result "1/2-1/2"]
[WhiteElo "2282"]
[BlackElo "2439"]
[PlyCount "31"]
[EventDate "2007.10.??"]
[EventType "swiss"]
[EventRounds "9"]
[EventCountry "RUS"]
[SourceTitle "EXT 2009"]
[Source "ChessBase"]
[SourceDate "2008.11.26"]
[SourceVersion "1"]
[SourceVersionDate "2008.11.26"]
[SourceQuality "1"]

1. e4 c5 2. c3 Nf6 3. e5 Nd5 4. d4 cxd4 5. Nf3 e6 6. cxd4 d6 7. Bc4 Nb6 8. Bb3 dxe5 9. Nxe5 Nc6 10. Nf3 Be7 11. Nc3 0-0 12. 0-0 Nb4 13. a3 N4d5 14. Re1 Bd7 15. Ne5 Rc8 16. Nxd5 1/2-1/2

[Event "Nizhnij Novgorod Region-ch"]
[Site "Nizhnij Novgorod"]
[Date "2007.10.??"]
[Round "?"]
[White "Dudukin, Ilya"]
[Black "Anisimov, Aleksander"]
[Result "1-0"]
[WhiteElo "2437"]
[BlackElo "2282"]
[PlyCount "49"]
[EventDate "2007.10.??"]
[EventType "swiss"]
[EventRounds "9"]
[EventCountry "RUS"]
[SourceTitle "EXT 2009"]
[Source "ChessBase"]
[SourceDate "2008.11.26"]
[SourceVersion "1"]
[SourceVersionDate "2008.11.26"]
[SourceQuality "1"]

1. Nf3 f5 2. d3 d6 3. e4 e5 4. Nc3 Nf6 5. exf5 Bxf5 6. d4 e4 7. Nh4 Bg4 8. Be2 Bxe2 9. Qxe2 d5 10. Bg5 Bb4 11. f3 0-0 12. fxe4 Bxc3+ 13. bxc3 dxe4 14. 0-0 Nbd7 15. Nf5 h6 16. Bh4 Kh7 17. Rad1 Qe8 18. Bg3 Rc8 19. c4 Nb6 20. c5 Nbd5 21. Be5 Qa4 22. Qe3 Qc4 23. Qg3 Nh5 24. Qh4 g6 25. Ne3 1-0